| 000 | 01682nam a2200325 i 4500 | ||
|---|---|---|---|
| 001 | 768714001 | ||
| 003 | CO-MdFUSB | ||
| 005 | 20250621192727.0 | ||
| 007 | ta | ||
| 008 | 220212t1981 ck |||| |||| 00| 0 spa d | ||
| 020 | _a[No incluye ISBN] | ||
| 040 |
_aCO-MdFUSB _bspa _cCO-MdFUSB _dCO-MdFUSBC _erda |
||
| 041 | _aspa | ||
| 082 |
_223 _a808.51 _bC289 |
||
| 100 |
_aCarnegie, Dale, _eautor |
||
| 240 | _aPublic speaking and influencing men in business. | ||
| 245 |
_aCómo hablar bien en público e influir en los hombres de negocios _c/ Dale Carnegie ; traducido por Jorge Ciancaglini |
||
| 264 | 1 |
_aBogotá, Colombia : _bCirculo de lectores, _c[1979] |
|
| 264 | 4 | _c© 1979 | |
| 300 |
_a391 páginas _c; 20 cm |
||
| 336 |
_2rdacontent _atexto _btxt |
||
| 337 |
_2rdamedia _asin mediación _bn |
||
| 338 |
_2rdacarrier _avolumen _bnc |
||
| 505 | _aDesarrollo del valor y de la confianza en sí mismo. -- La confianza en sí mismo durante la preparación. -- Cómo preparaban sus discursos algunos oradores famosos. -- Perfeccionamiento de la memoria. -- Cómo evitar que el auditorio se duerma. -- Elementos indispensables para hablar con éxito. -- El secreto de la buena elocución. -- Porte y personalidad en la tribuna. -- Cómo iniciar un discurso. -- Cómo ganar inmediatamente la voluntad del auditorio. -- Cómo terminar un discurso. -- Cómo hacernos entender claramente. -- Inculcación y convencimiento. -- Cómo despertar el interés en el auditorio. -- Cómo incitar a la acción. -- El lenguaje correcto. | ||
| 563 | _aRústico | ||
| 650 | 7 |
_9103 _aOratoria |
|
| 700 |
_96136 _aCiancaglini, Jorge, _etraductor |
||
| 942 | _cBK | ||
| 945 | _aJTF-925 | ||
| 999 |
_c67176 _d67176 |
||